Biggest Cities of the American Old South with a Map - Statistics

General Stats
  • This quiz has been taken 293 times
  • The average score is 12 of 22
Answers on the Map
Answers color-coded by a green-red scale on the quiz's map according to % correct below.
 
Answer Stats
Population State City % Correct
13,503 MD Baltimore
97%
16,359 SC Charleston
96%
3,761 VA Richmond
94%
2,300 GA Savannah
92%
2,959 VA Norfolk
83%
2,000 DE Wilmington
79%
1,300 NC Wilmington
79%
2,170 MD Annapolis
75%
2,748 VA Alexandria
72%
1,100 GA Augusta
64%
2,300 MD Frederick
50%
1,344 VA Williamsburg
43%
2,828 VA Petersburg
41%
1,536 NC Fayetteville
40%
1,485 VA Fredericksburg
40%
1,100 MD Elizabethtown
35%
1,702 VA Portsmouth
35%
1,000 NC New Bern
33%
2,135 MD Georgetown
32%
1,651 VA Winchester
30%
1,100 DE New Castle
27%
1,575 NC Edenton
11%
No matching quizzes found
Score Distribution
Percent of People with Each Score
Percentile by Number Answered
Your Score History
You have not taken this quiz